000 00428nam a2200157 i 4500
001 84000
003 ES-MaACL
005 20230906174929.0
007 t|
008 041119s1968 sp ||||1| spa d
100 1 _aIvana, J. de.
_965649
245 1 3 _aLa electrónica en 20 lecciones /
_cJ. de Ivana.
260 _aBarcelona :
_bMarcombo,
_c[1968]
300 _a168 p. :
_bil. ;
_c25 cm.
852 _aES-MaACL
_jC-34919
_bR.66717
999 _c84000
_d84000